ARRUPE JESUIT UNIVERSITY

CORONAVIRUS -STOP THE SPREAD - CLEAN,DISINFECT,COVER

All Against AIDS (Record no. 124732)

MARC details
000 -LEADER
fixed length control field 00563nam a22001697a 4500
008 - FIXED-LENGTH DATA ELEMENTS--GENERAL INFORMATION
fixed length control field 160427b xxu||||| |||| 00| 0 eng d
020 ## - INTERNATIONAL STANDARD BOOK NUMBER
International Standard Book Number 1 872502 17 2
050 ## - LIBRARY OF CONGRESS CALL NUMBER
Classification number BV4460.7.M926
100 ## - MAIN ENTRY--PERSONAL NAME
Personal name Mouli, Chandra V.
9 (RLIN) 24162
245 ## - TITLE STATEMENT
Title All Against AIDS
Remainder of title : the copperbelt health education project, Zambia
Statement of responsibility, etc / Chandra V. Mouli
260 ## - PUBLICATION, DISTRIBUTION, ETC. (IMPRINT)
Place of publication, distribution, etc London
Name of publisher, distributor, etc ActionAid
Date of publication, distribution, etc 1992
300 ## - PHYSICAL DESCRIPTION
Extent vi,53p.;
Dimensions 21cm.
440 ## - SERIES STATEMENT/ADDED ENTRY--TITLE
Title Strategies for hope
Number of part/section of a work 7
9 (RLIN) 24163
650 ## - SUBJECT ADDED ENTRY--TOPICAL TERM
Topical term or geographic name as entry element Church work with AIDS patients
9 (RLIN) 6346
650 ## - SUBJECT ADDED ENTRY--TOPICAL TERM
Topical term or geographic name as entry element AIDS (Disease)
Geographic subdivision Zambia
9 (RLIN) 24164
942 ## - ADDED ENTRY ELEMENTS (KOHA)
Source of classification or shelving scheme Library of Congress Classification
Item type Monograph ( Printed materials)
Holdings
Withdrawn status Lost status Source of classification or shelving scheme Damaged status Not for loan Collection code Home library Current library Shelving location Date acquired Total Checkouts Full call number Barcode Date last seen Price effective from Koha item type
    Library of Congress Classification     Main Collection ARRUPE LIBRARY ARRUPE LIBRARY Main Collection 27/04/2016   BV4460.7.M926 46500006449 24/01/2017 27/04/2016 Monograph ( Printed materials)

 

Arrupe Library. PO Box MP320 Mt Pleasant, Harare, Zimbabwe
263 242 745411|librarian@aju.ac.zw